Partial differential equations of mathematical physics /

Guardado en:
Autor Principal: Tyn Myint U.
Formato: Libro
Idioma:English
Publicado: New York : North Holland, c1980.
Edición:2nd ed.
Etiquetas: Agregar Etiqueta
Sin Etiquetas, Sea el primero en etiquetar este registro!
LEADER 00635nam a22002055a 4500
001 MAT.inmabb002482
008 041020s1980####nyua#####b####001#0#eng#d
005 20110316112841.0
245 1 0 |a Partial differential equations of mathematical physics /  |c Tyn Myint-U. 
250 |a 2nd ed. 
260 |a New York :  |b North Holland,  |c c1980. 
300 |a xiii, 380 p. :  |b il. ;  |c 24 cm. 
500 |a La 1ª ed. fue publicada en 1973. 
504 |a Bibliografía: p. 355-358. 
510 4 |a MR,  |c 81a:35001 
020 |a 0444003525 
100 0 |a Tyn Myint U. 
084 |a 35-01  |2 msc2000 
010 |a  79019310  
859 |h 35  |i T987  |p A-5002  |b BIB. MATEMATICA